01002 a2200181 45000010006000000050017000060080041000230030015000640400040000790800149001192450029002680200018002972640041003153000019003565050407003750410008007821000030007905563220260407155829.0260407a1986 arg spa dAR-UNSa-BCEJYS aAR-UNSa-BCEJYSbspacAR-UNSa-BCEJYS a340.12xTendencias en la teoría del derecho. Escuelas, doctrinas jurídicas. Filosofía del derecho. Teorías sobre el Estado y el derecho 10aCurso de derecho natural a950-20-0343-8 1aBuenos Aires :bAbeledo Perrotc1986 a404 p.c23 cm. a1. Antecedentes orientales – 2. Grecia: la búsqueda de principios jurídicos permanentes – 3. El derecho natural en Roma – 4. El cristianismo – 5. Decadencia del derecho natural en la Edad Moderna – 6. Resurgimiento de la ciencia del derecho natural – 7. Análisis de algunas críticas al derecho natural – 8. Derecho natural y derecho positivo – 9. Contenido del derecho natural  aspa1 aMontejano, Bernardino (h)